Slovník obchodného práva
Na minha lista:
| Autor principal: | |
|---|---|
| Formato: | Livro |
| Idioma: | eslovaco |
| Publicado em: |
Bratislava
IURA EDITION
1994
|
| Edição: | 1. vyd. |
| Assuntos: | |
| Tags: |
Sem tags, seja o primeiro a adicionar uma tag!
|
MARC
| LEADER | 00000nam a2200000 4500 | ||
|---|---|---|---|
| 001 | c009784 | ||
| 005 | 20221128073904.5 | ||
| 020 | |a 80-88715-11-3 | ||
| 041 | 0 | |a slo | |
| 044 | |a SK | ||
| 245 | 1 | 0 | |a Slovník obchodného práva |c Oľga Ovečková a kol. |
| 250 | |a 1. vyd. | ||
| 264 | 1 | |a Bratislava |b IURA EDITION |c 1994 | |
| 300 | |a 366 s. | ||
| 610 | 2 | 0 | |a právo obchodné |
| 610 | 2 | 0 | |a podnikanie |
| 610 | 2 | 0 | |a terminológia |
| 610 | 2 | 0 | |a podnikanie obchodné |
| 610 | 2 | 0 | |a predpisy právne |
| 610 | 2 | 0 | |a právo medzinárodné |
| 100 | 1 | |a Ovečková, Oľga | |